| 000 | 00913nab a2200289 4500 | ||
|---|---|---|---|
| 003 | BR-BrBNA | ||
| 005 | 20240527232117.0 | ||
| 008 | 240527b bl.||||| |||| 00| 0 por d | ||
| 040 |
_aBR-BrBNA _bpor |
||
| 072 |
_aF01 ; E70 ; E71 _b1030 ; 1040 |
||
| 100 | _aBalduíno, Paulo Antônio | ||
| 245 |
_aSinal verde para o "Tahiti" _bVariedades |
||
| 500 | _a8 illus. | ||
| 650 | _aLIMÃO TAHITI | ||
| 650 | _aVARIEDADE | ||
| 650 | _aPOMAR | ||
| 650 | _aPRODUÇÃO | ||
| 650 | _aBENEFICIAMENTO | ||
| 650 | _aCOMERCIALIZAÇÃO | ||
| 650 | _aMERCADO INTERNO | ||
| 650 | _aEXPORTAÇÃO | ||
| 650 | _aCERTIFICAÇÃO | ||
| 650 | _aRASTREAMENTO | ||
| 773 | 0 |
_04769 _9314628 _dBebedouro - SP Grupo Técnico de Assistência e Consultoria em Citrus 2001 _o2024-0880 _tCiência e Pratica (Brazil) _gv. 6(21) p. 18-20; (Apr-Jun 2006) _wBR2024001225 |
|
| 942 | _cAnalítica | ||
| 999 |
_c299800 _d299800 |
||